Mots français terminés par ORD - Statistiques

Statistiques générales
  • Ce quiz a été pris 159 fois
  • Le résultat moyen est 9 sur 18
Statistiques - réponses
Indice Mot % Correct
A gauche Babord
91%
Tableau de voiture Bord
86%
Côté de navire Tribord
82%
Gros regret Remord
71%
Approche Abord
65%
Septentrion Nord
62%
Feu vert Accord
60%
Héros de Piaf Milord
52%
Crue Débord
48%
Huile britannique Lord
44%
Margelle Rebord
44%
Brouille Désaccord
35%
Beauté nordique Fjord
33%
Entortille Retord
33%
Maximum Record
32%
Pièce de plomberie Raccord
28%
Trou de canon Sabord
15%
Textile pour chemise Oxford
11%
Aucun quiz correspondant
Distribution des résultats
% des personnes avec chaque résultat
Percentile par nombre de réponses
Votre historique - résultats
Vous n’avez pas pris ce quiz